[Event "IND-chB (Women) 38th"]
[Site "Chennai"]
[Date "2011.07.09"]
[Round "10"]
[White "Monnisha, GK."]
[Black "Thookivakam Pujitha, Reddy"]
[Result "1-0"]
[WhiteElo "1929"]
[BlackElo "1657"]
[PlyCount "101"]
[EventDate "2011.07.02"]
[EventType "swiss"]
[EventRounds "11"]
[EventCountry "IND"]
[SourceTitle "CBM 143 Extra"]
[Source "ChessBase"]
[SourceDate "2011.08.29"]
[SourceVersion "1"]
[SourceVersionDate "2011.08.29"]
[SourceQuality "1"]

1. e4 e6 2. d4 d5 3. Nc3 Nf6 4. Bg5 dxe4 5. Nxe4 Be7 6. Bxf6 gxf6 7. Nf3 f5 8. Ng3 c5 9. c3 Nc6 10. dxc5 Bxc5 11. Qxd8+ Kxd8 12. Bb5 Bd7 13. Rd1 Ke7 14. 0-0 Rhg8 15. Rfe1 f4 16. Ne4 Bb6 17. Nd6 a6 18. Ba4 Nd4 19. Nf5+ Kf8 20. N5xd4 Bxa4 21. b3 Be8 22. Kf1 Rc8 23. c4 h5 24. Re5 Rc5 25. Rxc5 Bxc5 26. Ne2 Ke7 27. Nxf4 Bc6 28. Ne5 Rg5 29. Nxc6+ bxc6 30. Nd3 Bd6 31. h3 a5 32. Nc1 Rf5 33. Ne2 Bc5 34. f3 e5 35. Ng3 Rf4 36. Nxh5 Rd4 37. Rxd4 Bxd4 38. Ng3 Kd6 39. Nf5+ Kc5 40. Nxd4 exd4 41. h4 Kb4 42. Ke2 Ka3 43. h5 Kxa2 44. h6 Kxb3 45. Kd3 a4 46. h7 a3 47. h8Q c5 48. Qb8+ Ka2 49. Kc2 d3+ 50. Kxd3 Ka1 51. Kc2 1-0

[Event "IND-ch U19 Girls 25th"]
[Site "Puri"]
[Date "2010.10.01"]
[Round "1"]
[White "Chandika, Divyasree"]
[Black "Thookivakam Pujitha, Reddy"]
[Result "1-0"]
[WhiteElo "2132"]
[BlackElo "1657"]
[PlyCount "81"]
[EventDate "2010.10.01"]
[EventType "tourn"]
[EventRounds "11"]
[EventCountry "IND"]
[SourceTitle "CBM 138 Extra"]
[Source "ChessBase"]
[SourceDate "2010.10.29"]
[SourceVersion "1"]
[SourceVersionDate "2010.10.29"]
[SourceQuality "1"]

1. e4 e6 2. d4 d5 3. Nd2 Nf6 4. e5 Nfd7 5. c3 c5 6. Ngf3 Nc6 7. Bd3 Be7 8. 0-0 0-0 9. Re1 Qb6 10. Nf1 cxd4 11. cxd4 f5 12. exf6 Nxf6 13. Ng3 Bb4 14. Re2 Kh8 15. Bc2 Bd6 16. a3 Bd7 17. Bg5 Rae8 18. Qd3 g6 19. Bh6 Rf7 20. Ng5 Rfe7 21. Qf3 Bf4 22. Qxf4 Qxd4 23. Nf3 Qxf4 24. Bxf4 e5 25. Bg5 Kg7 26. Rd2 Be6 27. Re1 Bf7 28. Bb3 Rd7 29. Ba4 Rde7 30. Rc2 Re6 31. Rec1 Rc8 32. h4 Ng4 33. Be3 d4 34. Bd2 h6 35. Ne4 Be8 36. Bb3 Re7 37. Bb4 Nxb4 38. Rxc8 Nc6 39. Nd6 Bd7 40. Rc7 Nf6 41. Ba4 1-0

[Event "IND-chB (Women)"]
[Site "Shilpgram"]
[Date "2010.08.24"]
[Round "6"]
[White "Harini, S."]
[Black "Thookivakam Pujitha, Reddy"]
[Result "1-0"]
[WhiteElo "2062"]
[BlackElo "1657"]
[PlyCount "97"]
[EventDate "2010.08.20"]
[EventType "swiss"]
[EventRounds "11"]
[EventCountry "IND"]
[SourceTitle "CBM 138 Extra"]
[Source "ChessBase"]
[SourceDate "2010.10.29"]
[SourceVersion "1"]
[SourceVersionDate "2010.10.29"]
[SourceQuality "1"]

1. e4 e6 2. d4 d5 3. Nc3 Nf6 4. e5 Nfd7 5. f4 c5 6. Nf3 Nc6 7. Be3 a6 8. Qd2 b5 9. a3 Bb7 10. dxc5 Bxc5 11. Bxc5 Nxc5 12. Nd4 Qb6 13. Nxc6 Bxc6 14. Qd4 Na4 15. Qxb6 Nxb6 16. Ne2 Nc4 17. Nd4 Bb7 18. b4 Nb2 19. Bd3 Rc8 20. Kd2 0-0 21. g4 Rfe8 22. Rhe1 Rc7 23. h4 Rce7 24. Re2 f6 25. Rae1 fxe5 26. Rxe5 Kf7 27. Nf3 h6 28. h5 Nc4+ 29. Bxc4 dxc4 30. Nd4 Rd8 31. Kc3 Rde8 32. a4 bxa4 33. Ra1 Bd5 34. Rxa4 Ra8 35. Ra1 Raa7 36. f5 Kf6 37. Rae1 Bg2 38. fxe6 g6 39. hxg6 Kxg6 40. Nf5 Bh3 41. Nxe7+ Rxe7 42. Rg1 h5 43. Rxh5 Bxg4 44. Rh4 Kf5 45. Rhxg4 Rxe6 46. Rg5+ Kf4 47. R1g4+ Kf3 48. Rxc4 Re3+ 49. Kd4 1-0